000 00646nam a2200253Ia 4500
003 OSt
005 20221006143052.0
006 a|||||r|||| 00| 0
007 ta
008 221006b |||||||| |||| 00| 0 eng d
020 _c44.00
024 _a7,960
037 _cTextual
040 _aEASL
_cEASL
_beng
041 _2eng
_aeng
082 _aX.42.N73, L5
100 _aBOLTHO Andrea
245 0 _aJapan
_b An economic survey 1953-1973
260 _aOxford
_bOxford University Press
_c1975
300 _a204p.
_ccm.
490 _v JEL
942 _hX.42.N73, L5
_cTEXL
_2CC
999 _c1076046
_d1076046